England in the eighteenth century
Đã lưu trong:
| Tác giả chính: | |
|---|---|
| Định dạng: | Sách |
| Ngôn ngữ: | Undetermined |
| Được phát hành: |
London
Penguin Books
1960
|
| Những chủ đề: | |
| Các nhãn: |
Thêm thẻ
Không có thẻ, Là người đầu tiên thẻ bản ghi này!
|
| Thư viện lưu trữ: | Trung tâm Học liệu Trường Đại học Cần Thơ |
|---|
| LEADER | 00544nam a2200217Ia 4500 | ||
|---|---|---|---|
| 001 | CTU_82528 | ||
| 008 | 210402s9999 xx 000 0 und d | ||
| 082 | |a 942 | ||
| 082 | |b P736 | ||
| 100 | |a Plumb, J. H. | ||
| 245 | 0 | |a England in the eighteenth century | |
| 245 | 0 | |c J. H. Plumb | |
| 260 | |a London | ||
| 260 | |b Penguin Books | ||
| 260 | |c 1960 | ||
| 650 | |a Great Britain | ||
| 650 | |x History | ||
| 650 | |y 18th century | ||
| 904 | |i Tuyến, QHieu | ||
| 910 | |a Tuyen | ||
| 980 | |a Trung tâm Học liệu Trường Đại học Cần Thơ | ||